000 00243 a2200097 4500
001 12741
100 _aBishop, Tichard
245 _aIntelligent Vehicle Technology and Trends
260 _aBoston
_bArtech House Inc
_c2005
090 _c9741
_d9741
942 _aNUST-CAE
_cM
_c36646
999 _c247814
_d247814